000 00429nam a2200133Ia 4500
005 20260326100037.0
008 260326s9999||||xx |||||||||||||| ||und||
100 _aPérez Montas, Eugenio
245 0 _aEstudio para la revalorización de la zona Histórica y monumental de la Ciudad de Santo Domingo /
_cEugenio Pérez Montas
260 _bEdiciones Culturales
300 _a118 p.
650 _aARQUITECTURA REGIONAL
942 _cBK
999 _c6842
_d6842